<?xml version="1.0" encoding="UTF-8"?>
<record
    xmlns:xsi="http://www.w3.org/2001/XMLSchema-instance"
    xsi:schemaLocation="http://www.loc.gov/MARC21/slim http://www.loc.gov/standards/marcxml/schema/MARC21slim.xsd"
    xmlns="http://www.loc.gov/MARC21/slim">

  <leader>02858nam a22002537a 4500</leader>
  <controlfield tag="005">20260202150413.0</controlfield>
  <controlfield tag="008">230727b           ||||| |||| 00| 0 eng d</controlfield>
  <datafield tag="020" ind1=" " ind2=" ">
    <subfield code="a">9789393852908</subfield>
  </datafield>
  <datafield tag="040" ind1=" " ind2=" ">
    <subfield code="c">AL</subfield>
  </datafield>
  <datafield tag="041" ind1=" " ind2=" ">
    <subfield code="a">English</subfield>
  </datafield>
  <datafield tag="082" ind1=" " ind2=" ">
    <subfield code="2">23</subfield>
    <subfield code="a">823.08</subfield>
    <subfield code="b">CHAE</subfield>
  </datafield>
  <datafield tag="100" ind1=" " ind2=" ">
    <subfield code="a">N Manu Chakravarthy and others</subfield>
    <subfield code="9">253565</subfield>
  </datafield>
  <datafield tag="245" ind1=" " ind2=" ">
    <subfield code="a">Essential U R Ananthamurthy</subfield>
  </datafield>
  <datafield tag="260" ind1=" " ind2=" ">
    <subfield code="a">New Delhi</subfield>
    <subfield code="b">Aleph Book Company</subfield>
    <subfield code="c">2023</subfield>
  </datafield>
  <datafield tag="300" ind1=" " ind2=" ">
    <subfield code="a">xiv,298 p.</subfield>
    <subfield code="b">HB</subfield>
    <subfield code="c">22x14.5 cm.</subfield>
  </datafield>
  <datafield tag="365" ind1=" " ind2=" ">
    <subfield code="a">BLCR-000026</subfield>
    <subfield code="b">&#x20B9;719.00</subfield>
    <subfield code="c">&#x20B9;</subfield>
    <subfield code="d">&#x20B9;899.00</subfield>
    <subfield code="e">20%</subfield>
    <subfield code="f">15-07-2023</subfield>
  </datafield>
  <datafield tag="520" ind1=" " ind2=" ">
    <subfield code="a">U. R. Ananthamurthy (1932&#x2013;2014), writer, teacher, literary critic, and public intellectual, was born in Shivamogga district in Karnataka. In 1965, his debut novel, Samskara, took the literary world by storm with its unflinching portrayal of the rigid orthodoxy in Brahmin society. Since then, it has become a landmark novel of the modernist, or Navya, movement of the 1950s and 1960s in Kannada literature. In a career that spanned more than five decades, Ananthamurthy wrote five novels, several collections of short stories, poetry, and essays, a play, and an autobiography. He received the Jnanpith Award, India&#x2019;s highest literary honour, in 1994, and was nominated for the Man Booker International Prize in 2013.

The Essential U. R. Ananthamurthy is a five-part compendium of select fictional and non-fictional works, poetry, and autobiographical writings from one of India&#x2019;s most illustrious and outspoken writers. The section &#x2018;Novels&#x2019; portrays characters in conflict with tradition, idealism, and modernity in a rapidly changing independent India through excerpts from powerful novels such as Samskara, Bharathipura, Avasthe, and Bhava. &#x2018;Poetry&#x2019; presents five evocative poems on the themes of power and politics. &#x2018;Short Stories&#x2019; highlights the chief themes that preoccupied Ananthamurthy&#x2014;the constraints of the traditional order, the cultural dominance of the West, the sinister workings of power, and the creativity of political dissent. &#x2018;Essays and Speeches&#x2019; captures the range and depth of Ananthamurthy&#x2019;s democratic imagination through his writings on cultural identity and literature, community and creativity, linguistic and nationalist politics, and on figures such as Mahatma Gandhi and Ram Manohar Lohia. And, the final section, &#x2018;Memoirs&#x2019;, gathers Ananthamurthy&#x2019;s memories of family, friendships, work, and travel from the different phases of his life.

The Essential U. R. Ananthamurthy offers a rich glimpse into the mind of one of modern India&#x2019;s most profound writers and thinkers and demonstrates why Ananthamurthy&#x2019;s works will endure for generations to come.</subfield>
  </datafield>
  <datafield tag="650" ind1=" " ind2=" ">
    <subfield code="a">Novels</subfield>
    <subfield code="9">128753</subfield>
  </datafield>
  <datafield tag="650" ind1=" " ind2=" ">
    <subfield code="a">Poetry</subfield>
    <subfield code="9">128754</subfield>
  </datafield>
  <datafield tag="650" ind1=" " ind2=" ">
    <subfield code="a">Short Stories</subfield>
    <subfield code="9">128755</subfield>
  </datafield>
  <datafield tag="650" ind1=" " ind2=" ">
    <subfield code="a">Essays and Speeches</subfield>
    <subfield code="9">128756</subfield>
  </datafield>
  <datafield tag="700" ind1=" " ind2=" ">
    <subfield code="a">Gowda, Chandan Ed</subfield>
    <subfield code="9">128758</subfield>
  </datafield>
  <datafield tag="942" ind1=" " ind2=" ">
    <subfield code="2">ddc</subfield>
    <subfield code="c">BK</subfield>
  </datafield>
  <datafield tag="999" ind1=" " ind2=" ">
    <subfield code="c">228180</subfield>
    <subfield code="d">228180</subfield>
  </datafield>
  <datafield tag="952" ind1=" " ind2=" ">
    <subfield code="0">0</subfield>
    <subfield code="1">0</subfield>
    <subfield code="2">ddc</subfield>
    <subfield code="4">0</subfield>
    <subfield code="7">0</subfield>
    <subfield code="8">ENG</subfield>
    <subfield code="a">AL</subfield>
    <subfield code="b">AL</subfield>
    <subfield code="d">2023-07-22</subfield>
    <subfield code="e">Navakarnataka Publications Pvt.Ltd.</subfield>
    <subfield code="g">719.00</subfield>
    <subfield code="l">1</subfield>
    <subfield code="o">823.08 CHAE</subfield>
    <subfield code="p">076604</subfield>
    <subfield code="r">2024-01-23 00:00:00</subfield>
    <subfield code="s">2023-12-06</subfield>
    <subfield code="v">899.00</subfield>
    <subfield code="w">2023-07-27</subfield>
    <subfield code="y">BK</subfield>
  </datafield>
</record>
